000 00910 a2200193 4500
003 Nust
005 20221208113514.0
020 _a8120327225
040 _cNust
082 _a621.382,MAH
100 _aMasheshwari, L. K.
_9104432
245 _aAnalog electronics /
_cL. K. Masheshwari and M. M. S. Anand
260 _aNew Delhi
_bPrentice-Hall of India
_c2005
300 _a690 p.
505 _aFundamental Concepts (Page-1), Operational Amplifier Basic (Page-97), Special Purpose Linear Op-amp Circuits (Page-152), Active Filters (Page-188), Nonlinear Operational Amplifier Circuits (Page-250), Signal Generators (Page-319), Voltage Regulators (Page-375), Integrated Circuits Power Amplifiers (Page-444), High Frequency Amplifiers (Page-482), Data Converters (Page-520), IC Sensors (Page-586),
650 _aTelecommunications engineering.
_958485
700 _aAnand, M. M. S.
_967388
942 _2ddc
_cBK
999 _c182554
_d182554